000 00675nam a2200229Ii 4500
003 JO-AjNU
008 230605s9999||||xx |||||||||||||| ||und||
017 _a2016/6/2514
020 _a978-9957-94-225-0
040 _aJO-AjNU
_bara
_erda
_cJO-AjNU
041 _aara
050 1 4 _aPJ7964.A31 2016
100 3 _aالطاهر، ايناس ,
_eauthor
_957453
245 0 0 _aالقمر وحكايات اخرى
250 _aط1
264 3 1 _aعمان: وزارة الثقافة،2016
300 _a155ص
336 _atext
_btxt
_2rdacontent
337 _aunmediated
_bn
_2rdamedia
338 _avolume
_bnc
_2rdacarrier
650 4 _aقصص عربيه-الاداب
_957454
999 _aA25749
_c29317
_d29317